<?xml version="1.0" encoding="UTF-8"?>
<record
    xmlns:xsi="http://www.w3.org/2001/XMLSchema-instance"
    xsi:schemaLocation="http://www.loc.gov/MARC21/slim http://www.loc.gov/standards/marcxml/schema/MARC21slim.xsd"
    xmlns="http://www.loc.gov/MARC21/slim">

  <leader>02132nam a22002177a 4500</leader>
  <controlfield tag="001">8540</controlfield>
  <controlfield tag="003">FISKH</controlfield>
  <controlfield tag="005">20250918142303.0</controlfield>
  <controlfield tag="008">250918b        cb ||||| |||| 00| 0 eng d</controlfield>
  <datafield tag="020" ind1=" " ind2=" ">
    <subfield code="a">9781782094487</subfield>
  </datafield>
  <datafield tag="040" ind1=" " ind2=" ">
    <subfield code="a">FISKH</subfield>
    <subfield code="b">eng</subfield>
    <subfield code="c">FISKH</subfield>
    <subfield code="d">FISKH</subfield>
  </datafield>
  <datafield tag="082" ind1=" " ind2=" ">
    <subfield code="a">500</subfield>
  </datafield>
  <datafield tag="100" ind1=" " ind2=" ">
    <subfield code="a">Gallagher, Belinda </subfield>
  </datafield>
  <datafield tag="245" ind1=" " ind2=" ">
    <subfield code="a">Mini encyclopedia, science /</subfield>
  </datafield>
  <datafield tag="260" ind1=" " ind2=" ">
    <subfield code="a">Essex : </subfield>
    <subfield code="b">Miles Kelly, </subfield>
    <subfield code="c">2010.</subfield>
  </datafield>
  <datafield tag="300" ind1=" " ind2=" ">
    <subfield code="a">384 pages : </subfield>
    <subfield code="b">color illustrations ; </subfield>
    <subfield code="c">17 cm</subfield>
  </datafield>
  <datafield tag="520" ind1=" " ind2=" ">
    <subfield code="a">Mini Encyclopedia Rocks and Fossils is the mini book crammed with masses of knowledge about rocks, minerals and fossils. This compact, comprehensive children's encyclopedia uses clear, bulleted facts and incredible info panels to explain everything from the formation of rocks to how they change over time and who studies them. Every topic is supported by photographs, realistic artwork and detailed diagrams, and colour-coded sections make navigation through the topics easy and quick. A perfect introduction to rocks and fossils books for kids who want a deeper understanding, Mini Encyclopedia Rocks and Fossils is small enough to slot into school bags, making this a fantastic resource for school projects and homework at late elementary/middle school levels. Chapters and some examples of topics included in Mini Encyclopedia Rocks and Fossils: # Rocks: Igneous rocks, Metamorphic rocks, Limestone, Granite, Coal and Marble# Minerals: Gemstones, Quartz, Opal, Fool's gold, Sapphire and amber# Fossils: Extinction, Evolution, Anthropods, Molluscs, Dinosaurs Incredible facts about rocks and fossils to amaze kids: # Some of the most delicate organic remains that have been fossilized include the feathers of primitive birds, the wings of dragonflies and the leaves of plants.# The first nine minerals on Mohs scale have roughly the same gap between them - that is, corundum is nine times harder than talc. Diamond, however, the tenth mineral on the scale, is 40 times harder than talc.# The oldest rocks to be radiometrically dated are more than 3900 million years old. </subfield>
  </datafield>
  <datafield tag="650" ind1=" " ind2=" ">
    <subfield code="a">Science &amp; Nature</subfield>
    <subfield code="v">Reference </subfield>
  </datafield>
  <datafield tag="942" ind1=" " ind2=" ">
    <subfield code="2">ddc</subfield>
    <subfield code="c">BK</subfield>
    <subfield code="n">0</subfield>
  </datafield>
  <datafield tag="999" ind1=" " ind2=" ">
    <subfield code="c">8540</subfield>
    <subfield code="d">8540</subfield>
  </datafield>
  <datafield tag="952" ind1=" " ind2=" ">
    <subfield code="0">0</subfield>
    <subfield code="1">0</subfield>
    <subfield code="2">ddc</subfield>
    <subfield code="4">0</subfield>
    <subfield code="7">0</subfield>
    <subfield code="8">REF</subfield>
    <subfield code="a">001</subfield>
    <subfield code="b">001</subfield>
    <subfield code="c">LSHTK</subfield>
    <subfield code="d">2025-09-18</subfield>
    <subfield code="l">0</subfield>
    <subfield code="o">GAL 500 PZ7 </subfield>
    <subfield code="p">2025-4425</subfield>
    <subfield code="r">2025-09-18 14:23:00</subfield>
    <subfield code="t">1</subfield>
    <subfield code="w">2025-09-18</subfield>
    <subfield code="y">BK</subfield>
  </datafield>
</record>
